Coldplay - us against the world - Statistics

General Stats
  • This quiz has been taken 24 times
  • The average score is 125 of 193
Answer Stats
Answer % Correct
a
100%
i
100%
again
95%
the
95%
us
89%
against
84%
world
84%
and
79%
in
79%
it
79%
me
79%
see
79%
you
79%
its
74%
let
74%
amen
68%
clouds
68%
come
68%
hole
68%
left
68%
lift
68%
morning
68%
my
68%
oh
68%
when
68%
be
63%
blindfold
63%
bursting
63%
chaos
63%
den
63%
do
63%
down
63%
go
63%
heart
63%
just
63%
lions
63%
roll
63%
slow
63%
as
58%
away
58%
back
58%
bring
58%
Daniel
58%
drunken
58%
rain
58%
she
58%
ships
58%
sing
58%
that
58%
up
58%
water
58%
your
58%
angels
53%
devil
53%
eyes
53%
float
53%
off
53%
to
53%
walking
53%
want
53%
we
53%
could
47%
fly
47%
if
47%
lost
47%
saints
47%
start
47%
strikes
47%
surface
47%
talking
47%
there
47%
those
47%
ties
47%
with
47%
all
42%
before
42%
erodes
42%
friend
42%
hes
42%
im
42%
lightning
42%
marching
42%
raindrop
42%
roses
42%
so
42%
swirls
42%
through
42%
trouble
42%
begin
37%
has
37%
know
37%
like
37%
river
37%
sways
37%
tonight
37%
dont
32%
these
32%
whatever
32%
saying
26%
hazard
21%
thightrope
11%
inn
5%
No matching quizzes found
Score Distribution
Percent of People with Each Score
Percentile by Number Answered
Your Score History
You have not taken this quiz